Adjudication Society (Record no. 120239)

MARC details
000 -LEADER
fixed length control field 00865cam a2200193 4500
001 - CONTROL NUMBER
control field WS121388
008 - FIXED-LENGTH DATA ELEMENTS--GENERAL INFORMATION
fixed length control field 030218n 000 0 eng u
035 ## - SYSTEM CONTROL NUMBER
System control number (Sirsi) u121388
110 ## - MAIN ENTRY--CORPORATE NAME
Corporate name or jurisdiction name as entry element Adjudication Society
9 (RLIN) 4411
245 ## - TITLE STATEMENT
Title Adjudication Society
520 ## - SUMMARY, ETC.
Summary, etc. Web site for this not for profit society promoting resolution of construction disputes by means of adjudication. Includes links to newsletters and details of recent cases.
650 ## - SUBJECT ADDED ENTRY--TOPICAL TERM
Topical term or geographic name entry element MANAGEMENT-DISPUTE AVOIDANCE, MANAGEMENT AND RESOLUTION-DISPUTE MANAGEMENT AND RESOLUTION-ALTERNATIVE DISPUTE RESOLUTION-ADJUDICATION
650 ## - SUBJECT ADDED ENTRY--TOPICAL TERM
Topical term or geographic name entry element ORGANISATION
650 ## - SUBJECT ADDED ENTRY--TOPICAL TERM
Topical term or geographic name entry element HOUSING GRANTS, CONSTRUCTION AND REGENERATION ACT 1996
650 ## - SUBJECT ADDED ENTRY--TOPICAL TERM
Topical term or geographic name entry element CASELAW
690 ## - LOCAL SUBJECT ADDED ENTRY--TOPICAL TERM (OCLC, RLIN)
Topical term or geographic name as entry element Dispute resolution
9 (RLIN) 6236
856 40 - ELECTRONIC LOCATION AND ACCESS
Uniform Resource Identifier <a href="https://www.adjudication.org">https://www.adjudication.org</a>
Public note View the website free of charge at www.adjudication.org...
942 ## - ADDED ENTRY ELEMENTS (KOHA)
Suppress in OPAC 0
Holdings
Withdrawn status Lost status Source of classification or shelving scheme Damaged status Not for loan Home library Current library Shelving location Date acquired Total Checkouts Full call number Barcode Date last seen Copy number Price effective from Koha item type
    Dewey Decimal Classification     Virtual Virtual Online 18/02/2003   WEB SITE 121388-2001 06/08/2019 1 06/08/2019 Online material